[Event "World Team-ch Women 2019"]
[Site "Astana"]
[Date "2019.03.11"]
[Round "6.17"]
[White "Abdumalik, Zhansaya"]
[Black "Hoang, Thanh Trang"]
[Result "0-1"]
[WhiteElo "2469"]
[BlackElo "2454"]
[Annotator "TA"]
[PlyCount "118"]
[EventDate "2019.02.05"]
[EventType "team-tourn"]
[EventCountry "KAZ"]
[SourceTitle "playchess.com"]
[Source "ChessBase"]
[SourceQuality "1"]
[WhiteTeam "Kazakhstan"]
[BlackTeam "Hungary"]
[WhiteTeamCountry "KAZ"]
[BlackTeamCountry "HUN"]

{[%evp 15,118,7,17,5,8,0,0,0,0,0,2,-24,20,-20,17,13,16,6,17,0,0,-7,24,-175,-50,-39,0,0,0,15,8,11,0,0,5,-145,-147,-264,-253,-278,-271,-259,-266,-313,-306,-358,-357,-361,-353,-560,-590,-618,-586,-626,-636,-637,-638,-625,-619,-693,-703,-693,-645,-645,-658,-1337,-1328,-1307,-1302,-1350,-919,-2317,-2237,-2323,-1764,-6894,-2440,-29985,-29986,-29988,-29983,-29982,-29974,-29974,-29975,-29975,-29976,-29976,-29977,-29977,-29977,-29977,-29977,-29977,-29976,-29978,-29979,-29979,-29980,-29980,-29981,-29990,-29991,-29991,-29991]} 1. e4 e6 2. d4 d5 3. Nc3 Nf6 4. e5 Nfd7 5. f4 c5 6. Nf3 Nc6 7. Be3 a6 8. Qd2 b5 9. Nd1 {[%cal Bc3d1,Bd1e3,Be3g4,Bg4h6][%mdl 32] C11: French: Classical System: 4 e5 and 4 Bg5 dxe4} (9. a3 Rb8 10. dxc5 Bxc5 11. Bxc5 Nxc5 12. b4 Nd7 13. Bd3 Qb6 14. Ne2 f6 15. exf6 Nxf6 16. Ned4 Nxd4 17. Nxd4 {½-½ (31) Grischuk,A (2769)-Short,N (2652) Douglas 2018}) 9... Be7 (9... Qb6 10. Be2 b4 11. c4 bxc3 12. bxc3 cxd4 13. Nxd4 Nxd4 14. Bxd4 Qa5 15. O-O Nc5 16. Ne3 Be7 17. f5 exf5 18. Nxf5 Bxf5 19. Rxf5 {½-½ (34) Abdumalik,Z (2389)-Hoang,T (2467) Baku 2016}) 10. Be2 O-O 11. O-O {The position is equal.} b4 12. c3 a5 13. Bf2 Qb6 14. Ne3 Ba6 15. Bxa6 Qxa6 16. f5 {[#]} a4 $146 ({Predecessor:} 16... Rab8 17. Rae1 bxc3 18. bxc3 cxd4 19. cxd4 {½-½ (38) Shpakovsky,A (2470)-Galanov,S (2585) ICCF email 2010}) 17. f6 gxf6 18. Ng4 $1 fxe5 {[#] Threatens to win with ...e4.} 19. dxe5 $2 (19. Bh4 $1 $11 {and White is okay.}) 19... bxc3 (19... Qc4 $19 20. Nf6+ {[%mdl 64] Decoy} Nxf6 21. Qg5+ Kh8 22. exf6 Rg8) 20. bxc3 $15 Qc4 21. Nh6+ Kh8 {...f5 is the strong threat.} 22. Rae1 Rae8 $132 {[%mdl 2048] Black has counterplay} 23. Ng5 Nd8 $1 24. Bg3 {[%cal Rg5f7]} f5 {Hoping for ...Bxg5.} 25. Nh3 ({White should play} 25. exf6 $11 Rxf6 26. Rxf6 Bxf6 27. Nhf7+ Nxf7 28. Nxf7+ Kg8 29. Nd6 Qxc3 30. Qxc3 Bxc3 31. Nxe8 Bxe1 32. Bxe1) 25... Nc6 $17 26. Rf4 (26. Qd1 $17) 26... d4 $19 27. cxd4 cxd4 28. Rc1 Qd5 29. Rf2 Ndxe5 30. Nf4 Qd7 31. Nh5 Ng6 32. Qc2 (32. Nf4 $142 Nxf4 33. Qxf4) 32... Rc8 33. Qd2 e5 34. h3 f4 35. Bh2 Bg5 36. Ng4 Rf5 37. Qd1 Bh4 38. g3 Rxh5 39. gxh4 Rxh4 40. Qxa4 Rxh3 41. Nf6 Qe6 42. Ne4 Nce7 43. Re1 Re3 44. Qd1 Rg8 45. Rxe3 dxe3 46. Rg2 Nh4 {Black mates.} 47. Rg5 Rxg5+ 48. Nxg5 Qg8 49. Bxf4 exf4 50. Qd4+ Qg7 51. Qxg7+ Kxg7 52. Ne6+ Kf6 53. Nxf4 Ke5 54. Ne2 Ke4 55. Kf1 Nf3 56. a4 Nd4 57. Ng1 Nec6 58. Nh3 e2+ 59. Kf2 Nb4 {Accuracy: White = 28%, Black = 75%.} 0-1

[Event "World Team-ch Women 2019"]
[Site "Astana"]
[Date "2019.03.11"]
[Round "6.18"]
[White "Gara, Anita"]
[Black "Saduakassova, Dinara"]
[Result "1/2-1/2"]
[WhiteElo "2384"]
[BlackElo "2462"]
[Annotator "TA"]
[PlyCount "99"]
[EventDate "2019.02.05"]
[EventType "team-tourn"]
[EventCountry "KAZ"]
[SourceTitle "playchess.com"]
[Source "ChessBase"]
[SourceQuality "1"]
[WhiteTeam "Hungary"]
[BlackTeam "Kazakhstan"]
[WhiteTeamCountry "HUN"]
[BlackTeamCountry "KAZ"]

{[%evp 16,99,13,14,12,9,30,26,53,-36,-26,-36,6,-25,52,56,46,67,82,16,106,81,81,-25,7,7,7,7,4,4,9,9,0,10,8,10,10,12,22,0,0,0,20,12,35,35,39,27,32,0,0,0,0,0,0,0,0,0,0,0,0,0,0,0,0,0,0,-192,0,0,0,0,0,0,0,0,0,0,0,0,0,0,0,0,0,0]} 1. e4 e5 2. Nf3 Nc6 3. Nc3 Nf6 4. d4 Bb4 5. Nxe5 Bxc3+ 6. bxc3 Qe7 7. Bd3 Nxe5 8. dxe5 Qxe5 9. O-O b6 {C47: Scotch Four Knights and Four Knights with 4 g3} (9... d6 10. Qe1 O-O 11. f4 Qe6 12. e5 Re8 13. Qh4 dxe5 14. fxe5 Qg4 15. Qe1 Nd5 16. Bd2 Be6 17. Rb1 {1-0 (29) Kovchan,A (2596)-Hnydiuk,A (2341) Gora Sw Anny 2016}) 10. Rb1 Bb7 11. Rb5 Qe6 $146 {White has an edge.} ({Predecessor:} 11... c5 12. c4 O-O-O 13. f3 Qe6 14. Rb3 Ne8 15. Bf4 Nc7 16. a4 a5 17. Qd2 {1-0 (26) Kim,A (2413)-Ovod,E (2375) Serpukhov 2003}) 12. Bf4 (12. c4 $14) 12... O-O-O $15 13. f3 h6 14. a4 g5 (14... d5 $11) 15. Bg3 $1 $14 Nh5 16. Bf2 $1 Nf4 17. a5 ({White should try} 17. c4 $16) 17... Rhg8 (17... d5 $11) 18. axb6 (18. c4 {with more complications.} d6 19. Qa1 Rg6 20. Rf5 Qd7 21. Be3) 18... axb6 19. Be3 (19. c4 $16) 19... d5 {[%cal Rd5e4]} 20. Bxf4 $1 gxf4 21. exd5 Bxd5 22. Qd2 Bc4 $132 {[%mdl 2048] Black is not keeping still} 23. Rb4 Bxd3 24. cxd3 Qe3+ 25. Qxe3 fxe3 $11 {[%mdl 4096] Endgame KRR-KRR} 26. d4 Kb7 27. Rb2 f5 28. f4 Rge8 29. Re1 Re4 30. g3 Kc6 31. Kg2 Kd5 32. Rb5+ Kc4 33. Rxf5 Kxc3 34. Kf3 Rdxd4 35. Re5 Rxe5 36. fxe5 {KR-KR} Rd8 37. Kxe3 c5 38. Rb1 Rb8 39. Ke4 c4 40. Rb5 $1 Kd2 {And now ...c3 would win.} 41. Rd5+ $2 {[#]} (41. Rb2+ $1 $11 {and White has nothing to worry.} Kc1 42. Rf2) 41... Ke2 $2 (41... Kc2 $1 $19 {Strongly threatening ...b5.} 42. Rb5 c3) 42. Kd4 {The position is equal.} b5 43. e6 Kf3 44. Re5 Kg2 45. Re2+ Kf3 46. Rc2 Rc8 47. e7 {Kd5 is the strong threat.} Re8 48. Rb2 Rxe7 {[#] Threatens to win with ...Re4+.} 49. Rxb5 Kg4 50. Rb2 {Accuracy: White = 58%, Black = 65%.} 1/2-1/2

[Event "World Team-ch Women 2019"]
[Site "Astana"]
[Date "2019.03.11"]
[Round "6.19"]
[White "Assaubayeva, Bibisara"]
[Black "Gara, Ticia"]
[Result "1-0"]
[WhiteElo "2376"]
[BlackElo "2324"]
[Annotator "TA"]
[PlyCount "73"]
[EventDate "2019.02.05"]
[EventType "team-tourn"]
[EventCountry "KAZ"]
[SourceTitle "playchess.com"]
[Source "ChessBase"]
[SourceQuality "1"]
[WhiteTeam "Kazakhstan"]
[BlackTeam "Hungary"]
[WhiteTeamCountry "KAZ"]
[BlackTeamCountry "HUN"]

{[%evp 11,73,25,35,35,35,35,49,35,33,39,38,31,39,37,55,28,45,38,77,78,122,85,73,64,71,82,129,108,108,108,204,190,474,474,462,455,683,681,740,728,768,763,787,772,916,901,861,839,804,765,730,720,743,670,953,945,944,935,920,913,29994,29993,29995,29992]} 1. c4 Nf6 2. Nc3 c5 3. g3 d5 4. cxd5 Nxd5 5. Bg2 Nc7 6. d3 Nc6 7. Be3 {A34: Symmetrical English: 2 Nc3, lines with ...d5} e5 8. Bxc6+ bxc6 9. Nf3 {White is slightly better.} f6 10. Rc1 Rb8 11. Na4 Ne6 12. b3 $146 ({Predecessor:} 12. O-O Qd5 13. b3 Nd4 14. Nc3 Qd8 {1-0 (51) Artemiev,V (2702)-Kardashevskiy,E (2387) Ekaterinburg 2018}) 12... Nd4 13. Nd2 Qd5 14. f3 f5 15. Nc4 Be7 16. O-O O-O 17. Nc3 Qe6 18. Nxe5 Ba6 ({Avoid the trap} 18... Qxe5 $2 19. Bf4 $18) 19. f4 $36 {[%mdl 2048] White is in control.} Bd6 20. Na4 Bxe5 (20... Qe7 $16) 21. Nxc5 $18 {[%mdl 64] [#] Double Attack} ({And not} 21. fxe5 Qxe5 22. Bxd4 cxd4 $11) 21... Bxf4 $2 (21... Qe7) 22. Bxf4 ({Stronger than} 22. Nxe6 Bxe3+ 23. Kg2 Nxe6 $17) 22... Nxe2+ 23. Kf2 Nxf4 (23... Qf6 $142 24. Qxe2 Rbe8) 24. Nxe6 {[%mdl 64] Discovered Attack} Nxe6 25. Rxc6 {[%mdl 64] [#] Double Attack} Rb6 26. Rxb6 axb6 27. b4 Rd8 28. Qb3 Kf7 29. Re1 Rd6 30. d4 Bb7 31. Re5 Kf6 32. g4 Nxd4 33. Qg3 Rc6 34. Re3 Rc2+ 35. Ke1 {Qd6+ would kill now.} Rc4 36. Qh4+ {[%mdl 64] Double Attack} Kf7 37. Qh5+ {[%mdl 64] Double Attack. Accuracy: White = 89%, Black = 34%.} 1-0

[Event "World Team-ch Women 2019"]
[Site "Astana"]
[Date "2019.03.11"]
[Round "6.20"]
[White "Terbe, Julianna"]
[Black "Nakhbayeva, Guliskhan"]
[Result "0-1"]
[WhiteElo "2306"]
[BlackElo "2295"]
[Annotator "TA"]
[PlyCount "68"]
[EventDate "2019.02.05"]
[EventType "team-tourn"]
[EventCountry "KAZ"]
[SourceTitle "playchess.com"]
[Source "ChessBase"]
[SourceQuality "1"]
[WhiteTeam "Hungary"]
[BlackTeam "Kazakhstan"]
[WhiteTeamCountry "HUN"]
[BlackTeamCountry "KAZ"]

{[%evp 9,68,11,43,0,-1,-21,-22,-32,-29,-26,-19,-18,-43,-87,-87,-115,-114,-104,-112,-112,-80,-85,-67,-154,-158,-193,-175,-159,-127,-133,-112,-165,-161,-187,-143,-188,-157,-157,-160,-165,-165,-176,-96,-106,-100,-100,-101,-106,-109,-171,-187,-236,-236,-456,-458,-550,-489,-572,-543,-1454,-1450]} 1. Nf3 d5 2. d4 Nf6 3. g3 Bf5 4. c4 c6 5. Nc3 dxc4 6. Bg2 {D15: Slav Defence: 4 Nc3 a6 and gambit lines after 4 Nc3 dxc4} Nbd7 7. O-O e6 8. Nh4 {The position is equal.} Bg4 9. h3 Bh5 $1 10. g4 Nd5 11. Nf3 (11. gxh5 Qxh4 12. e4 Nf4 13. Bxf4 Qxf4 14. e5 Be7 15. Re1 {½-½ (44) Adly,A (2626)-Ghaem Maghami,E (2537) St Petersburg 2018}) 11... Bg6 $36 {[%mdl 2048] Black has strong initiative.} 12. Ne1 h5 $146 ({Predecessor:} 12... Qc7 13. e3 Bb4 14. Bd2 Bxc3 15. bxc3 O-O 16. Qe2 b5 17. f4 {½-½ (17) Jurcik,M (2362)-Milcova,Z (2051) Slovakia 2012}) 13. g5 Be7 14. f4 Nxc3 15. bxc3 {[#]} Nc5 $1 {[%mdl 512]} 16. Be3 (16. Nf3 $15 Ne4 17. Bd2) (16. dxc5 Qxd1) 16... Ne4 $17 17. Qb1 Nd6 18. Qb2 O-O 19. Nf3 Be4 20. Bf2 (20. Ne5 $17 {is a better defense.}) 20... Qa5 21. a4 Qf5 22. Bg3 a5 23. Nd2 Bxg2 24. Kxg2 Ne4 25. Nxc4 {[#]} Nxg5 ({Black should play} 25... Bxg5 $1 $19 {[%mdl 512]} 26. Rf3 (26. fxg5 Qxg5) 26... Bf6) 26. fxg5 Qd5+ {[%mdl 64] Double Attack} 27. e4 Qxc4 28. h4 b5 {[%cal Bb7b5,Bb5b4][%mdl 32]} 29. Qc2 (29. Qa2 $17 {was worth a try.}) 29... b4 $19 30. Rf3 Rad8 {Threatens to win with ...Rxd4!} 31. Raf1 $2 {[#]} (31. Be5 {might work better.}) 31... Rxd4 $1 {[%mdl 512] Black is clearly winning.} 32. g6 (32. cxd4 Qxc2+) 32... f6 33. e5 f5 34. Rf4 Qd5+ {[%mdl 64] Double Attack. Accuracy: White = 33%, Black = 71%.} 0-1